[Event "España ch-2015 sub-18"]
[Site "Salobrena ESP"]
[Date "2015.07.29"]
[Round "5.25"]
[White "Garcia-Castany Musellas, Gal.la"]
[Black "Perez Gonzalez, Daniel"]
[Result "1-0"]
[WhiteElo "2034"]
[BlackElo "1852"]
[PlyCount "45"]
[EventDate "2015.07.27"]
[EventType "swiss"]
[EventRounds "9"]
[EventCountry "ESP"]
[Source "lmi"]
[SourceDate "2015.07.27"]

1. e4 c5 2. Nf3 d6 3. d4 cxd4 4. Qxd4 Nc6 5. Bb5 Bd7 6. Bxc6 Bxc6 7. Nc3 Nf6 8.
Bg5 e6 9. Qd3 h6 10. Bh4 Be7 11. O-O-O Qc7 12. Nd4 a6 13. f4 Nd7 14. Bxe7 Kxe7
15. Rhe1 Nc5 16. Qg3 Bd7 17. Nf5+ exf5 18. Nd5+ Kd8 19. Nxc7 Kxc7 20. Qc3 Bc6
21. e5 Ne4 22. exd6+ Kd7 23. Rh1 1-0

[Event "España ch-2015 sub-18"]
[Site "Salobrena ESP"]
[Date "2015.07.29"]
[Round "5.26"]
[White "Soriano Gracia, Manuel"]
[Black "Perez Pacheco, Ricardo"]
[Result "0-1"]
[WhiteElo "1844"]
[BlackElo "2033"]
[PlyCount "42"]
[EventDate "2015.07.27"]
[EventType "swiss"]
[EventRounds "9"]
[EventCountry "ESP"]
[Source "lmi"]
[SourceDate "2015.07.27"]

1. e4 d6 2. d4 Nf6 3. Nc3 c6 4. Bd3 e5 5. dxe5 dxe5 6. Bg5 Be7 7. Bxf6 Bxf6 8.
Bc4 O-O 9. Qxd8 Rxd8 10. Rd1 Rxd1+ 11. Kxd1 a5 12. Nf3 b5 13. Bd3 Be6 14. Ke2
Nd7 15. Ra1 Be7 16. a3 f6 17. Nd1 Nc5 18. Ne3 Rd8 19. Rd1 Na4 20. c4 Nxb2 21.
Rd2 bxc4 0-1

[Event "España ch-2015 sub-18"]
[Site "Salobrena ESP"]
[Date "2015.07.29"]
[Round "5.27"]
[White "Prado Acebo, Ines"]
[Black "Gonzalez Fernandez, Pedro"]
[Result "1-0"]
[WhiteElo "2029"]
[BlackElo "1825"]
[PlyCount "78"]
[EventDate "2015.07.27"]
[EventType "swiss"]
[EventRounds "9"]
[EventCountry "ESP"]
[Source "lmi"]
[SourceDate "2015.07.27"]

1. d4 d5 2. c4 Nc6 3. cxd5 Qxd5 4. e3 e5 5. Nc3 Bb4 6. Bd2 Bxc3 7. bxc3 Nf6 8.
f3 O-O 9. c4 Qd6 10. d5 Ne7 11. Qb3 a5 12. Ne2 Nd7 13. e4 Nc5 14. Qe3 f5 15.
Nc3 Bd7 16. Be2 fxe4 17. fxe4 Ng6 18. Bf3 Nf4 19. O-O Ncd3 20. Rab1 Qg6 21. Kh1
Nb4 22. Ne2 Nc2 23. Qc3 Nxe2 24. Qxc2 Nd4 25. Qd3 Nxf3 26. Rxf3 Rxf3 27. Qxf3
Rf8 28. Qd3 Rf2 29. Rg1 Qg4 30. Bxa5 b6 31. Bc3 Qe2 32. Qg3 Rf1 33. h3 Rxg1+
34. Kxg1 Qxe4 35. Bxe5 g6 36. Qg5 Kf7 37. Qf6+ Ke8 38. Bxc7 Bxh3 39. gxh3 Qb1+
1-0

[Event "España ch-2015 sub-18"]
[Site "Salobrena ESP"]
[Date "2015.07.29"]
[Round "5.28"]
[White "Mazo Fernandez, Roberto"]
[Black "Santamaria Fernandez, Guillermo"]
[Result "1/2-1/2"]
[WhiteElo "2025"]
[BlackElo "1804"]
[PlyCount "71"]
[EventDate "2015.07.27"]
[EventType "swiss"]
[EventRounds "9"]
[EventCountry "ESP"]
[Source "lmi"]
[SourceDate "2015.07.27"]

1. d4 Nf6 2. c4 c5 3. d5 b5 4. cxb5 a6 5. bxa6 Bxa6 6. Nc3 g6 7. e4 Bxf1 8.
Kxf1 d6 9. Nf3 Bg7 10. g3 O-O 11. Kg2 Nbd7 12. a4 Qa5 13. Bd2 Rfb8 14. Nb5 Qb6
15. Qc2 Ne8 16. Bc3 Nc7 17. Nxc7 Qxc7 18. Bxg7 Kxg7 19. Nd4 Ne5 20. Nb5 Qa5 21.
h3 Qb4 22. f4 Nc4 23. Qc3+ Qxc3 24. bxc3 Nb2 25. e5 dxe5 26. fxe5 Rxa4 27. Rxa4
Nxa4 28. Rb1 c4 29. Kf3 Rd8 30. Rd1 Nb2 31. Rd4 Nd3 32. Ke4 Nc5+ 33. Kf4 Nd3+
34. Ke4 Nc5+ 35. Kf4 Nd3+ 36. Ke4 1/2-1/2

[Event "España ch-2015 sub-18"]
[Site "Salobrena ESP"]
[Date "2015.07.29"]
[Round "5.29"]
[White "Gonzalez Santamartina, Jorge"]
[Black "Martinez Hernandez, Paula"]
[Result "1-0"]
[WhiteElo "1991"]
[BlackElo "1714"]
[PlyCount "73"]
[EventDate "2015.07.27"]
[EventType "swiss"]
[EventRounds "9"]
[EventCountry "ESP"]
[Source "lmi"]
[SourceDate "2015.07.27"]

1. e4 c6 2. d4 d5 3. Nd2 dxe4 4. Nxe4 Bf5 5. Ng3 Bg6 6. h4 h6 7. Nf3 Nd7 8. h5
Bh7 9. Bd3 Bxd3 10. Qxd3 e6 11. Bf4 Qa5+ 12. c3 Ngf6 13. a4 Nd5 14. Bd2 Qc7 15.
Ne2 c5 16. g3 Rc8 17. Nf4 Nxf4 18. Bxf4 Bd6 19. Bxd6 Qxd6 20. Rh4 c4 21. Qe2
Qd5 22. Kf1 Rc7 23. Kg1 Kd8 24. Nd2 Nf6 25. Ne4 Nd7 26. Rf4 f6 27. Nd2 Re8 28.
Re4 Nf8 29. a5 Rc6 30. Ra4 Qb5 31. Rb4 Qxa5 32. Rxb7 Qa6 33. Rxg7 Qa1+ 34. Nf1
Rb6 35. Qxc4 Re7 36. Rg8 Ke8 37. Qc8+ 1-0

[Event "España ch-2015 sub-18"]
[Site "Salobrena ESP"]
[Date "2015.07.29"]
[Round "5.30"]
[White "Rodriguez Garcia, Miguel"]
[Black "Guerra Arrocha, Daniel"]
[Result "0-1"]
[WhiteElo "1695"]
[BlackElo "1989"]
[PlyCount "86"]
[EventDate "2015.07.27"]
[EventType "swiss"]
[EventRounds "9"]
[EventCountry "ESP"]
[Source "lmi"]
[SourceDate "2015.07.27"]

1. d4 Nf6 2. Nf3 g6 3. Bf4 Bg7 4. c4 O-O 5. Nc3 c5 6. d5 d6 7. e3 Qa5 8. Qa4
Qxa4 9. Nxa4 Nh5 10. Bg5 Re8 11. Nc3 h6 12. Bh4 g5 13. Bg3 Nxg3 14. hxg3 Bf5
15. Be2 Na6 16. O-O Nc7 17. Nd2 e6 18. dxe6 fxe6 19. Bh5 Red8 20. e4 Bh7 21.
Rad1 d5 22. cxd5 exd5 23. Nxd5 Nxd5 24. exd5 Bc2 25. Rc1 Bd3 26. Rfd1 Rac8 27.
Bg4 Rc7 28. Nb3 c4 29. Rxd3 Bxb2 30. Rc2 Be5 31. Nd2 cxd3 32. Rxc7 Bxc7 33. Ne4
Be5 34. Kf1 Kf8 35. Be6 Ke7 36. Ke1 b5 37. Kd2 b4 38. Kxd3 a5 39. Kc4 Rb8 40.
Nc5 Bd6 41. Nb3 a4 42. Nd4 Kf6 43. Bd7 b3 0-1

[Event "España ch-2015 sub-18"]
[Site "Salobrena ESP"]
[Date "2015.07.29"]
[Round "5.31"]
[White "Olivares Romero, Sara"]
[Black "Barranco Mananet, Fernando"]
[Result "1-0"]
[WhiteElo "1954"]
[BlackElo "1598"]
[PlyCount "147"]
[EventDate "2015.07.27"]
[EventType "swiss"]
[EventRounds "9"]
[EventCountry "ESP"]
[Source "lmi"]
[SourceDate "2015.07.27"]

1. e4 c5 2. c3 Nf6 3. e5 Nd5 4. d4 cxd4 5. Nf3 Nc6 6. cxd4 d6 7. Bc4 Nb6 8. Bb5
dxe5 9. Nxe5 Bd7 10. Nxd7 Qxd7 11. Be3 g6 12. Nc3 Bg7 13. O-O e6 14. Qf3 O-O
15. Rfd1 a6 16. Bxc6 Qxc6 17. Qxc6 bxc6 18. Rac1 f5 19. Ne2 Rac8 20. Nf4 Kf7
21. Nd3 Nd5 22. Rc5 g5 23. Rdc1 f4 24. Bd2 Bxd4 25. Rxc6 Rxc6 26. Rxc6 Rb8 27.
Rxa6 Bxb2 28. Kf1 Bd4 29. Ke2 Rb7 30. Kf3 Ra7 31. Rxa7+ Bxa7 32. g3 fxg3 33.
hxg3 Kg6 34. Ke4 Nf6+ 35. Kf3 Nd5 36. Be3 Nxe3 37. fxe3 h5 38. a4 h4 39. g4 Kf7
40. Nf2 Bb8 41. a5 e5 42. a6 Kg6 43. Nd3 Kf6 44. Ke4 Ke6 45. Nxe5 Kd6 46. Nf7+
Kc6 47. Nxg5 Kb6 48. Kd5 Kxa6 49. e4 Kb6 50. e5 Kc7 51. Ke6 Kd8 52. Kf6 Ke8 53.
Nh3 Kf8 54. g5 Bc7 55. e6 Bd8+ 56. Kf5 Kg7 57. Ke5 Be7 58. Kd5 Kf8 59. Kc6 Ke8
60. g6 Bf8 61. Nf4 Bh6 62. Nh5 h3 63. g7 Bxg7 64. Nxg7+ Ke7 65. Kd5 Kf6 66.
Nh5+ Ke7 67. Ke5 h2 68. Ng3 Ke8 69. Nh1 Ke7 70. Kd5 Ke8 71. Kd6 Kd8 72. e7+ Ke8
73. Ng3 Kf7 74. Kd7 1-0

[Event "España ch-2015 sub-18"]
[Site "Salobrena ESP"]
[Date "2015.07.29"]
[Round "5.32"]
[White "Garreta Nieto, Maria"]
[Black "Abalia Patino, Aritz"]
[Result "0-1"]
[WhiteElo "1627"]
[BlackElo "1951"]
[PlyCount "82"]
[EventDate "2015.07.27"]
[EventType "swiss"]
[EventRounds "9"]
[EventCountry "ESP"]
[Source "lmi"]
[SourceDate "2015.07.27"]

1. d4 d5 2. Nf3 Nf6 3. Bf4 c5 4. c3 Qb6 5. Qc2 Nc6 6. e3 Bf5 7. Qb3 c4 8. Qxb6
axb6 9. Nbd2 e6 10. Be2 b5 11. O-O b4 12. cxb4 Nxb4 13. a3 Nd3 14. Bxd3 Bxd3
15. Rfc1 Nh5 16. Bg3 Nxg3 17. hxg3 f6 18. Ne1 Bg6 19. Ndf3 Bd6 20. Nh4 Bf7 21.
Nc2 Kd7 22. Nf3 Rhc8 23. Nce1 Ra6 24. Nd2 Rca8 25. Rd1 b5 26. Nc2 Ra4 27. Kf1
Bg6 28. Rdc1 b4 29. Nb1 h5 30. Kg1 Ke7 31. Kf1 Bh7 32. Kg1 b3 33. Ne1 Bxa3 34.
Nxa3 Rxa3 35. Rxa3 Rxa3 36. bxa3 b2 37. Rd1 c3 38. Kf1 c2 39. Nxc2 Bxc2 40. Re1
Bd3+ 41. Kg1 b1=Q 0-1

[Event "España ch-2015 sub-18"]
[Site "Salobrena ESP"]
[Date "2015.07.29"]
[Round "5.33"]
[White "Redondo Benavente, Jose Carlos"]
[Black "Laseca Arana, Irati"]
[Result "1-0"]
[WhiteElo "1988"]
[BlackElo "1597"]
[PlyCount "98"]
[EventDate "2015.07.27"]
[EventType "swiss"]
[EventRounds "9"]
[EventCountry "ESP"]
[Source "lmi"]
[SourceDate "2015.07.27"]

1. e4 c5 2. Nf3 e6 3. c4 Nc6 4. Nc3 g6 5. d4 cxd4 6. Nxd4 Bg7 7. Be3 Nge7 8.
Be2 O-O 9. O-O a6 10. Qd2 d6 11. Rfd1 d5 12. cxd5 exd5 13. exd5 Nxd5 14. Nxc6
bxc6 15. Nxd5 Qxd5 16. Bf3 Qb5 17. Rac1 Bb7 18. b3 a5 19. a4 Qf5 20. Bxc6 Bxc6
21. Rxc6 Rfc8 22. Rxc8+ Rxc8 23. g3 h5 24. Qd5 Qxd5 25. Rxd5 Bc3 26. Rc5 Rxc5
27. Bxc5 Kg7 28. Kf1 Kf6 29. Ke2 Ke5 30. Kd3 Be1 31. f3 Kd5 32. Bd4 Bb4 33. Bc3
Bxc3 34. Kxc3 Kc5 35. h4 f6 36. f4 f5 37. b4+ axb4+ 38. Kb3 Kd4 39. Kxb4 Ke3
40. a5 Kf3 41. a6 Kxg3 42. a7 Kxh4 43. a8=Q Kg3 44. Qg8 Kxf4 45. Qxg6 h4 46.
Qg2 Ke3 47. Qh3+ Ke4 48. Qxh4+ f4 49. Qf2 Kd5 1-0

[Event "España ch-2015 sub-18"]
[Site "Salobrena ESP"]
[Date "2015.07.29"]
[Round "5.34"]
[White "Lozano Osorio, Isaac"]
[Black "Hidalgo Gracia, Andres"]
[Result "1-0"]
[WhiteElo "1987"]
[BlackElo "1772"]
[PlyCount "77"]
[EventDate "2015.07.27"]
[EventType "swiss"]
[EventRounds "9"]
[EventCountry "ESP"]
[Source "lmi"]
[SourceDate "2015.07.27"]

1. d4 Nf6 2. Nf3 e6 3. g3 d5 4. c4 dxc4 5. Qa4+ Nbd7 6. Bg2 a6 7. Nc3 Be7 8.
O-O O-O 9. Qxc4 b5 10. Qd3 Bb7 11. a3 c5 12. Be3 c4 13. Qc2 Nd5 14. Bd2 N7f6
15. Ne5 Rc8 16. e4 b4 17. Nxd5 exd5 18. Bxb4 Bxb4 19. axb4 Nxe4 20. Bh3 f5 21.
f3 Nd6 22. Ra5 Qb6 23. Qd2 Rfe8 24. Rc5 h6 25. g4 Nf7 26. Nxf7 Kxf7 27. gxf5
Qf6 28. Bg4 Qh4 29. Qf2 Qg5 30. h4 Qf4 31. Bh5+ Kf6 32. Bxe8 Rxe8 33. Kg2 Kxf5
34. b5 Re6 35. h5 Qg5+ 36. Qg3 Qd2+ 37. Rf2 Qxd4 38. Rc7 Rb6 39. Rf7+ 1-0

[Event "España ch-2015 sub-18"]
[Site "Salobrena ESP"]
[Date "2015.07.29"]
[Round "5.35"]
[White "Sanchez Ruesga, Carlos"]
[Black "Cruz Fernandez, Sergio"]
[Result "0-1"]
[WhiteElo "1933"]
[BlackElo "1732"]
[PlyCount "96"]
[EventDate "2015.07.27"]
[EventType "swiss"]
[EventRounds "9"]
[EventCountry "ESP"]
[Source "lmi"]
[SourceDate "2015.07.27"]

1. e4 e6 2. d4 d5 3. Bd3 c5 4. exd5 Qxd5 5. Nc3 Qd8 6. Nf3 Nc6 7. Bf4 a6 8.
dxc5 Bxc5 9. Ne4 Be7 10. Be2 Qa5+ 11. c3 e5 12. Be3 Qc7 13. Bc5 Bxc5 14. Nxc5
Nf6 15. Qc2 h6 16. O-O O-O 17. Rad1 b6 18. Ne4 Qe7 19. Rfe1 Rd8 20. Nxf6+ Qxf6
21. Rxd8+ Qxd8 22. Qe4 Qd6 23. Bc4 Be6 24. Bxe6 Qxe6 25. h3 Re8 26. b3 f5 27.
Qa4 a5 28. Rd1 e4 29. Nd4 Nxd4 30. Qxd4 Kh8 31. c4 f4 32. Qd6 g5 33. Kf1 Kg7
34. Rd5 Kf6 35. Qa3 Kf7 36. Rd6 Qe7 37. c5 Qe5 38. Rxb6 Qa1+ 39. Ke2 f3+ 40.
gxf3 exf3+ 41. Kxf3 Qd1+ 42. Kg2 Qd5+ 43. Kg3 Qe5+ 44. Kg2 Qe4+ 45. Kg3 Qf4+
46. Kg2 Re2 47. Rb7+ Kg6 48. Rb6+ Kh5 0-1

[Event "España ch-2015 sub-18"]
[Site "Salobrena ESP"]
[Date "2015.07.29"]
[Round "5.36"]
[White "Bustos Bernardo, Samuel"]
[Black "Gonzalez Benavides, Pilar"]
[Result "1-0"]
[WhiteElo "1917"]
[BlackElo "1673"]
[PlyCount "75"]
[EventDate "2015.07.27"]
[EventType "swiss"]
[EventRounds "9"]
[EventCountry "ESP"]
[Source "lmi"]
[SourceDate "2015.07.27"]

1. Nf3 d5 2. d4 Nf6 3. c4 c6 4. Nc3 e6 5. Bg5 h6 6. Bh4 Be7 7. e3 Nbd7 8. Bd3
dxc4 9. Bxc4 b5 10. Bd3 a6 11. O-O O-O 12. Rc1 Bb7 13. Qe2 c5 14. Rfd1 c4 15.
Bb1 Nd5 16. Qc2 f5 17. Bg3 Nxc3 18. Qxc3 Bxf3 19. gxf3 Nf6 20. e4 Nh5 21. f4
Rc8 22. Qf3 Nxg3 23. fxg3 Qb6 24. Kh1 Rcd8 25. Qe3 Qb7 26. h3 a5 27. Kh2 Bd6
28. Re1 g6 29. Rg1 Qb8 30. e5 Bc7 31. g4 g5 32. gxf5 exf5 33. fxg5 Rxd4 34.
gxh6+ Kh8 35. Rce1 Bb6 36. Qg5 Rg8 37. Qf6+ Kh7 38. Bxf5+ 1-0

[Event "España ch-2015 sub-18"]
[Site "Salobrena ESP"]
[Date "2015.07.29"]
[Round "5.37"]
[White "Garcia Martin, Guillermo"]
[Black "Capote Robayna, Johanna"]
[Result "0-1"]
[WhiteElo "1791"]
[BlackElo "1887"]
[PlyCount "44"]
[EventDate "2015.07.27"]
[EventType "swiss"]
[EventRounds "9"]
[EventCountry "ESP"]
[Source "lmi"]
[SourceDate "2015.07.27"]

1. e4 c5 2. Nf3 Nc6 3. Bb5 e6 4. Bxc6 bxc6 5. d3 d5 6. c4 Ne7 7. Nc3 Ng6 8. e5
Qc7 9. Qe2 Be7 10. O-O O-O 11. Re1 f6 12. exf6 Bxf6 13. g3 Qf7 14. Ng5 Bxg5 15.
Bxg5 e5 16. Rad1 Bh3 17. Na4 Qf5 18. Bc1 Bg4 19. Qd2 Bf3 20. Re3 Bxd1 21. Qxd1
Qxf2+ 22. Kh1 Qf1+ 0-1

[Event "España ch-2015 sub-18"]
[Site "Salobrena ESP"]
[Date "2015.07.29"]
[Round "5.38"]
[White "Antunez Muñoz, Ines"]
[Black "Martin Fito, Angel Luis"]
[Result "1-0"]
[WhiteElo "1873"]
[BlackElo "1586"]
[PlyCount "67"]
[EventDate "2015.07.27"]
[EventType "swiss"]
[EventRounds "9"]
[EventCountry "ESP"]
[Source "lmi"]
[SourceDate "2015.07.27"]

1. e4 e5 2. Nf3 Nc6 3. d4 exd4 4. Bc4 g6 5. Nxd4 Bg7 6. c3 Nf6 7. Nxc6 bxc6 8.
e5 Ng8 9. O-O Nh6 10. Qf3 O-O 11. Bf4 Rb8 12. Nd2 Bb7 13. Rfe1 Nf5 14. Ne4 c5
15. Qh3 Bxe4 16. Rxe4 d5 17. exd6 Nxd6 18. Bxd6 cxd6 19. Re2 d5 20. Rd1 d4 21.
Qf3 Qc7 22. cxd4 cxd4 23. b3 Rfe8 24. g3 Re7 25. Rde1 Rbe8 26. Bxf7+ Rxf7 27.
Rxe8+ Bf8 28. Qd3 Qd7 29. R1e4 Qf5 30. Qxd4 Rd7 31. Qe5 Qh3 32. Rxf8+ Kxf8 33.
Qf6+ Rf7 34. Qh8# 1-0

[Event "España ch-2015 sub-18"]
[Site "Salobrena ESP"]
[Date "2015.07.29"]
[Round "5.39"]
[White "Cribilles Perez, Carlos"]
[Black "Villasenor Rubio, Rosana"]
[Result "1-0"]
[WhiteElo "1844"]
[BlackElo "1561"]
[PlyCount "111"]
[EventDate "2015.07.27"]
[EventType "swiss"]
[EventRounds "9"]
[EventCountry "ESP"]
[Source "lmi"]
[SourceDate "2015.07.27"]

1. d4 d5 2. c4 c6 3. cxd5 cxd5 4. Bf4 Nf6 5. Nc3 Nc6 6. e3 a6 7. Bd3 g6 8. h3
Bg7 9. Nf3 O-O 10. O-O Re8 11. Rc1 e6 12. Na4 Nd7 13. a3 e5 14. dxe5 Ncxe5 15.
Nd4 Nxd3 16. Qxd3 Be5 17. Ne2 Nb6 18. Bxe5 Rxe5 19. Qd4 Re6 20. Nf4 Rd6 21.
Nxb6 Rxb6 22. Qxd5 Rd6 23. Qb3 b5 24. Rc5 Bb7 25. Rfc1 Rc8 26. Rxc8 Bxc8 27. e4
Be6 28. Nxe6 Rxe6 29. Qc2 Qd4 30. Re1 h5 31. Re3 Qe5 32. f3 Qd4 33. Qc3 Qd1+
34. Kf2 Rd6 35. Re2 Qa4 36. Qc5 Qd1 37. Qc3 Qa4 38. e5 Re6 39. Re4 Qd1 40. Rd4
Qb1 41. Rd3 Qa1 42. f4 Qa2 43. Qb3 Qxb3 44. Rxb3 Rc6 45. Rc3 Rb6 46. b4 Kf8 47.
Rc7 Kg7 48. Ke3 Kf8 49. Kd4 f5 50. Kd5 Ke8 51. Rc6 Rxc6 52. Kxc6 h4 53. Kd5 Ke7
54. e6 Kf6 55. Kd6 g5 56. e7 1-0

[Event "España ch-2015 sub-18"]
[Site "Salobrena ESP"]
[Date "2015.07.29"]
[Round "5.40"]
[White "Sebastian Cantarino, Adrian"]
[Black "De la Calle Fuentes, Sergio"]
[Result "0-1"]
[WhiteElo "1883"]
[BlackElo "1712"]
[PlyCount "104"]
[EventDate "2015.07.27"]
[EventType "swiss"]
[EventRounds "9"]
[EventCountry "ESP"]
[Source "lmi"]
[SourceDate "2015.07.27"]

1. e4 e5 2. Nf3 Nc6 3. Nc3 Nf6 4. Bb5 d6 5. d4 exd4 6. Nxd4 Bd7 7. Bxc6 bxc6 8.
O-O Be7 9. Re1 O-O 10. Qd3 Re8 11. Bg5 Bf8 12. f4 Be7 13. Qa6 c5 14. Nb3 h6 15.
Bh4 Nh5 16. Bxe7 Rxe7 17. Nd5 Re8 18. g3 Be6 19. Nc3 Qc8 20. Qxc8 Raxc8 21. e5
Bd7 22. Rad1 Bg4 23. Rd2 f6 24. Kf2 fxe5 25. fxe5 Rf8+ 26. Kg1 Rce8 27. Nd5 c6
28. Ne3 Rxe5 29. Rf2 Rfe8 30. Nxg4 Rxe1+ 31. Kg2 R8e2 32. Na5 Rxf2+ 33. Kxf2
Rb1 34. b3 Rb2 35. Ne3 Rxa2 36. Nxc6 Kf7 37. b4 cxb4 38. Nxb4 Rb2 39. Nc6 Ra2
40. Ke2 Nf6 41. Kd3 Nd7 42. Nb4 Ra3+ 43. c3 Ne5+ 44. Kc2 a5 45. Nd3 Nxd3 46.
Kxd3 Ra2 47. h4 Rf2 48. Ke4 a4 49. Nc4 Ke6 50. Ke3 Rg2 51. Kf3 Rc2 52. Ne5 Kxe5
0-1

[Event "España ch-2015 sub-18"]
[Site "Salobrena ESP"]
[Date "2015.07.30"]
[Round "6.1"]
[White "Bernabeu Lopez, Carlos Javier"]
[Black "Suarez Gomez, Julio"]
[Result "0-1"]
[WhiteElo "2142"]
[BlackElo "2400"]
[PlyCount "182"]
[EventDate "2015.07.27"]
[EventType "swiss"]
[EventRounds "9"]
[EventCountry "ESP"]
[Source "lmi"]
[SourceDate "2015.07.27"]

1. e4 e6 2. d4 d5 3. Nd2 h6 4. Ngf3 Nf6 5. Bd3 c5 6. e5 Nfd7 7. c3 Nc6 8. O-O
g5 9. dxc5 Bxc5 10. Nb3 Bb6 11. Re1 g4 12. Nfd4 Ncxe5 13. Bb5 Qf6 14. Qe2 Bc7
15. Nc5 Rg8 16. g3 b6 17. Nxd7 Bxd7 18. Bxd7+ Kxd7 19. Qb5+ Ke7 20. Bf4 Kf8 21.
Qb4+ Kg7 22. Bxe5 Bxe5 23. Nc6 Bc7 24. Qxg4+ Kh8 25. Qd4 Qxd4 26. Nxd4 Rac8 27.
Rad1 a6 28. Nf3 Kg7 29. Rd4 Bd6 30. Ne5 Bxe5 31. Rxe5 b5 32. Re3 Rc4 33. Red3
Rgc8 34. Rxc4 bxc4 35. Rd2 a5 36. f4 a4 37. a3 Kf6 38. Kf2 h5 39. h3 Ke7 40. g4
hxg4 41. hxg4 Rh8 42. Kg2 Rh4 43. Kg3 Rh1 44. Kg2 Rb1 45. Kf2 Kd6 46. Kf3 Rf1+
47. Kg3 Rg1+ 48. Kf3 f6 49. Rh2 e5 50. fxe5+ fxe5 51. Rh6+ Kc5 52. Ra6 Rf1+ 53.
Ke2 Rb1 54. Ra5+ Kc6 55. Rxa4 Rxb2+ 56. Kd1 Rg2 57. Ra6+ Kc5 58. Ra5+ Kc6 59.
Ra6+ Kb5 60. Re6 e4 61. Re5 Kc5 62. Rg5 Ra2 63. Rg8 Rxa3 64. Rc8+ Kd6 65. Kd2
e3+ 66. Kxe3 Rxc3+ 67. Kf4 Rc1 68. g5 Rf1+ 69. Ke3 Rg1 70. Rd8+ Kc5 71. Rc8+
Kb4 72. Kd4 Rxg5 73. Rb8+ Ka3 74. Rb5 Ka4 75. Rb8 Rg4+ 76. Kc3 Rg3+ 77. Kc2 Rb3
78. Rd8 Rb5 79. Kc3 Ka5 80. Ra8+ Kb6 81. Kd4 Kc6 82. Ra6+ Rb6 83. Ra5 Rb5 84.
Ra6+ Kb7 85. Rh6 Kc7 86. Rg6 Rb6 87. Rg7+ Kc6 88. Rg5 Rb1 89. Rg6+ Kb5 90. Kxd5
Rd1+ 91. Ke4 c3 0-1

[Event "España ch-2015 sub-18"]
[Site "Salobrena ESP"]
[Date "2015.07.30"]
[Round "6.2"]
[White "Garriga Cazorla, Pere"]
[Black "Balbuena Fuentes, Mario"]
[Result "1-0"]
[WhiteElo "2461"]
[BlackElo "2265"]
[PlyCount "119"]
[EventDate "2015.07.27"]
[EventType "swiss"]
[EventRounds "9"]
[EventCountry "ESP"]
[Source "lmi"]
[SourceDate "2015.07.27"]

1. d4 e6 2. c4 b6 3. Nc3 Bb4 4. Qb3 a5 5. a3 a4 6. Qc2 Bxc3+ 7. Qxc3 Nf6 8. Nf3
Ne4 9. Qc2 f5 10. g3 Bb7 11. Bg2 Nc6 12. O-O O-O 13. Rd1 Na5 14. Qxa4 Ba6 15.
b4 Nc3 16. Qc2 Nxd1 17. bxa5 Nxf2 18. Kxf2 bxa5 19. Bg5 Qe8 20. Bf4 Ra7 21. Ne5
Bb7 22. c5 Bxg2 23. Kxg2 d6 24. cxd6 cxd6 25. Nf3 Qd7 26. Rc1 h6 27. h4 Raa8
28. Qc6 Rfd8 29. Qxd7 Rxd7 30. Rc6 Rad8 31. Ra6 Kf7 32. Rxa5 Rc8 33. Ra6 Ke7
34. Bd2 Rc2 35. Kf2 Rdc7 36. d5 exd5 37. Bb4 R2c6 38. Ra5 Rc5 39. Bxc5 dxc5 40.
Ke3 Rc6 41. Ra7+ Kf6 42. Rd7 d4+ 43. Kd3 Ra6 44. Kc4 Rxa3 45. Kxc5 Re3 46. Rd6+
Kf7 47. Nxd4 Rxg3 48. Nxf5 Rc3+ 49. Kd4 Rh3 50. e4 g6 51. Nxh6+ Kg7 52. Ng4
Rxh4 53. Ne5 Rh1 54. Rxg6+ Kf8 55. Kd5 Ra1 56. Rc6 Ke7 57. Rc7+ Kd8 58. Rh7 Re1
59. Nc6+ Ke8 60. e5 1-0

[Event "España ch-2015 sub-18"]
[Site "Salobrena ESP"]
[Date "2015.07.30"]
[Round "6.3"]
[White "Sanchez Vigon, David"]
[Black "Santos Ruiz, Miguel"]
[Result "0-1"]
[WhiteElo "2201"]
[BlackElo "2329"]
[PlyCount "112"]
[EventDate "2015.07.27"]
[EventType "swiss"]
[EventRounds "9"]
[EventCountry "ESP"]
[Source "lmi"]
[SourceDate "2015.07.27"]

1. d4 e6 2. Nf3 Nf6 3. Bg5 c5 4. e3 h6 5. Bh4 cxd4 6. exd4 Be7 7. c4 b6 8. Nc3
Bb7 9. Bd3 d6 10. O-O Nbd7 11. Qe2 O-O 12. Rfe1 Re8 13. Rad1 Qc7 14. b3 Rac8
15. Bb1 a6 16. a4 Qb8 17. Qd3 Qa8 18. d5 e5 19. Ne4 Nxe4 20. Qxe4 Nf8 21. Bxe7
Rxe7 22. Qh4 Rec7 23. Nd2 b5 24. axb5 axb5 25. Ne4 Qa6 26. cxb5 Qb6 27. Bd3 Ng6
28. Qg3 Bxd5 29. Bc4 Bxe4 30. Rxe4 Nf4 31. Qe3 Rb8 32. Qxb6 Rxb6 33. Ree1 Ne6
34. g3 Nd4 35. Kg2 Kf8 36. Ra1 Rb8 37. b6 Rxb6 38. Ra8+ Ke7 39. f4 Nxb3 40.
Bxb3 Rxb3 41. fxe5 Rb2+ 42. Kh3 dxe5 43. Rxe5+ Kf6 44. Re1 Rcc2 45. Ra6+ Kg5
46. Ra5+ Kg6 47. Rh1 h5 48. Ra6+ Kh7 49. Ra5 Kh6 50. Ra6+ f6 51. Rd6 Rf2 52.
Rd3 g5 53. g4 hxg4+ 54. Kxg4 Rxh2 55. Rxh2+ Rxh2 56. Rd8 Rf2 0-1

[Event "España ch-2015 sub-18"]
[Site "Salobrena ESP"]
[Date "2015.07.30"]
[Round "6.4"]
[White "Navarrete Espi, Samuel"]
[Black "Fernandez Cano, Victor"]
[Result "1-0"]
[WhiteElo "2329"]
[BlackElo "1956"]
[PlyCount "67"]
[EventDate "2015.07.27"]
[EventType "swiss"]
[EventRounds "9"]
[EventCountry "ESP"]
[Source "lmi"]
[SourceDate "2015.07.27"]

1. e4 c5 2. Nf3 d6 3. d4 cxd4 4. Nxd4 Nf6 5. Nc3 a6 6. Be3 e6 7. f3 Be7 8. Qd2
Qc7 9. g4 b5 10. O-O-O Bb7 11. g5 Nfd7 12. Kb1 Nb6 13. a3 N8d7 14. Qf2 Nc4 15.
Bxc4 Qxc4 16. f4 g6 17. Rhe1 O-O-O 18. Nb3 Qc7 19. f5 Rdf8 20. Nd4 Nc5 21. f6
Bd8 22. e5 Ne4 23. Nxe4 Bxe4 24. exd6 Qb7 25. Nb3 Bd5 26. Qf4 Bb6 27. Bxb6 Qxb6
28. Re3 Kd7 29. Rxd5 exd5 30. Re7+ Kd8 31. Qg4 Qc6 32. Nc5 h5 33. gxh6 Qc8 34.
Rd7+ 1-0

[Event "España ch-2015 sub-18"]
[Site "Salobrena ESP"]
[Date "2015.07.30"]
[Round "6.5"]
[White "Picos Maiztegui, Miguel"]
[Black "Martin Garcia, Guillermo"]
[Result "0-1"]
[WhiteElo "2023"]
[BlackElo "2240"]
[PlyCount "84"]
[EventDate "2015.07.27"]
[EventType "swiss"]
[EventRounds "9"]
[EventCountry "ESP"]
[Source "lmi"]
[SourceDate "2015.07.27"]

1. e4 e5 2. Nf3 Nc6 3. Bc4 Bc5 4. c3 Nf6 5. d3 d6 6. h3 a6 7. O-O Ba7 8. Re1
Na5 9. Qa4+ c6 10. Bxf7+ Kxf7 11. b4 b5 12. Qxa5 Qxa5 13. bxa5 Bb8 14. Nbd2 Bc7
15. Nb3 h6 16. c4 c5 17. Nfd2 Be6 18. Bb2 g5 19. g4 Ng8 20. a4 bxc4 21. Nxc4
Bxc4 22. dxc4 Rb8 23. Re3 Ne7 24. Bc1 Nc6 25. Bd2 Rb7 26. Kg2 Rhb8 27. Ra3 Kg6
28. Rf3 Bd8 29. Rd3 Nd4 30. Nxd4 cxd4 31. Kf3 Rb2 32. Bc3 Rc2 33. Bxd4 exd4 34.
Rxd4 Be7 35. Rad3 Rbb2 36. Rxd6+ Bxd6 37. Rxd6+ Kg7 38. e5 Rxc4 39. Rxa6 Rb7
40. e6 Rxa4 41. Kg3 Re7 42. h4 gxh4+ 0-1

[Event "España ch-2015 sub-18"]
[Site "Salobrena ESP"]
[Date "2015.07.30"]
[Round "6.6"]
[White "Ribera Cebolla, Marc"]
[Black "Marchena Hurtado, Javier"]
[Result "1-0"]
[WhiteElo "2146"]
[BlackElo "2294"]
[PlyCount "100"]
[EventDate "2015.07.27"]
[EventType "swiss"]
[EventRounds "9"]
[EventCountry "ESP"]
[Source "lmi"]
[SourceDate "2015.07.27"]

1. e4 c5 2. Nf3 Nc6 3. d4 cxd4 4. Nxd4 Nf6 5. Nc3 d6 6. Be3 Ng4 7. Bb5 Nxe3 8.
fxe3 Bd7 9. O-O e6 10. Bxc6 bxc6 11. e5 Be7 12. exd6 Bxd6 13. Qh5 O-O 14. Ne4
Be7 15. Rad1 Qb6 16. Rf3 Be8 17. Qe5 c5 18. Rg3 g6 19. Nf3 f6 20. Qc3 f5 21.
Ned2 Bf6 22. Qc4 Rd8 23. Re1 Bf7 24. Nb3 e5 25. Qxc5 Qxc5 26. Nxc5 e4 27. Ng5
Bxg5 28. Rxg5 h6 29. Rg3 Rd2 30. Rf1 Kg7 31. b3 Kh7 32. h4 h5 33. Rf2 Rd5 34.
b4 Rd1+ 35. Kh2 Re8 36. a4 Bc4 37. Rg5 Kh6 38. Kg3 Rf1 39. Rxf1 Bxf1 40. Nd7
Bc4 41. Kf4 Re6 42. Ne5 Be2 43. c4 Kg7 44. c5 Ba6 45. b5 Bc8 46. a5 a6 47. b6
Bb7 48. g3 Ba8 49. c6 Rxc6 50. Nxc6 Bxc6 1-0